Bezpečnostná politika Japonska

Autorka sa zaoberá teoretickým vymedzením samotného pojmu bezpečnosť - bezpečnostné prostredie, komparáciou politicko-právnych a doktrinálnych dokumentov Japonska, ako aj samotnou reinterpretáciou japonskej Ústavy a jej možnými konsekvenciami z globálneho aspektu.

Saved in:
Bibliographic Details
Main Author: Borošová, Lucia
Format: Book Chapter
Language:Slovak
Subjects:
Tags: Add Tag
No Tags, Be the first to tag this record!

MARC

LEADER 00000nla a2200000 4500
001 0199010
005 20240502073349.3
041 0 |a slo 
044 |a SK 
245 1 0 |a Bezpečnostná politika Japonska  |c Lucia Borošová 
520 |a Autorka sa zaoberá teoretickým vymedzením samotného pojmu bezpečnosť - bezpečnostné prostredie, komparáciou politicko-právnych a doktrinálnych dokumentov Japonska, ako aj samotnou reinterpretáciou japonskej Ústavy a jej možnými konsekvenciami z globálneho aspektu. 
610 2 0 |a bezpečnosť 
610 2 0 |a politika bezpečnostná 
610 2 0 |a ústava 
610 2 0 |a Japonsko 
100 1 |a Borošová, Lucia